| 000 | 00790cam a2200205 4500 | ||
|---|---|---|---|
| 001 | WB3712-49 | ||
| 008 | 000000n2001 000 0 eng u | ||
| 035 | _a(Sirsi) u111608 | ||
| 245 | _aTransport centres of excellence identified | ||
| 260 | _c2001 | ||
| 490 |
_aDETR News Release _v(152) 21 March 2001, (3) |
||
| 520 | _aThe Transport Minister has named 14 centres of excellence for integrated transport planning. The successful local authorities will be expected to share their innovative measures with others to improve transport throughout the country. | ||
| 590 | _aWB | ||
| 650 | _aCENTRES OF EXCELLENCE | ||
| 650 | _aINTEGRATED TRANSPORT PLANNING | ||
| 650 | _aLOCAL TRANSPORT PLANS | ||
| 650 | _aPUBLIC TRANSPORT | ||
| 690 | _aTRANSPORT AND COMMUNICATIONS | ||
| 942 | _n0 | ||
| 999 |
_c66500 _d66500 |
||